| 000 | 00944cam a2200229 4500 | ||
|---|---|---|---|
| 001 | WB@3612-140 | ||
| 008 | 040729n2004 000 0 eng u | ||
| 035 | _a(Sirsi) u126972 | ||
| 245 | _aProperty share performance | ||
| 260 | _c2004 | ||
| 490 |
_aProperty Week _v(69)30, 23 July 2004, 22 (1) |
||
| 520 | _aSavills was the number one property share last year and is on course to repeat the performance this year, according to the latest "Property share performance league table 2004". It benefited from a 73% rise in pretax profits to £35.3m and a record bonus pool of £54m in 2003. The worst performer was Hampton Trust whose shares were trading at just 1.75p at the end of June 2004 | ||
| 590 | _aWB | ||
| 590 | _aWB | ||
| 650 | _aPROPERTY SHARES | ||
| 650 | _aPROPERTY COMPANIES | ||
| 650 | _aRANKINGS | ||
| 650 | _aSTOCK MARKET | ||
| 650 | _aINVESTMENT MARKET | ||
| 690 | _aCOMMERCIAL PROPERTY-INVESTMENT | ||
| 942 | _n0 | ||
| 999 |
_c117793 _d117793 |
||